Регионална библиотека "Любен Каравелов" - Русе

She (Запис номер 156561)

MARC детайли
000 -Лидер
Контролно поле с фиксирана дължина 00836nam a2200289 c 4500
003 - Код на организацията, давaща контролен номер
Контролно поле BLK
005 - Дата и час на последна редакция
Контролно поле 20180420234316.0
008 - Елементи от данни с фиксирана дължина
fixed length control field 180410b bul|||||r ||||||| ||bul||
010 ## - Наследен системен номер
LC control number KNG00163401000
020 ## - Международен стандартен номер на книга ISBN
Международен стандартен номер на книга ISBN 0-14-062112-1
-- издат.: Penguin Books
040 ## - Източник на каталожния запис
Идентификатор на билиотеката - собственик на записа BLK
041 ## - Код за език
Код за езика на текст/звукозапис или на отделно заглавие Английски
Код за езика КДБФ Английски
080 ## - УДК
Текстов определител УДК Английска литература
УДК код - определител по УДК 821.111
УДК определител -31
УДК - код + определител 821.111-31
100 1# - Редна дума - Автор
Автор Haggard, Henry Rider
Авторска отговорност първи автор
R(LIN) 276787
139 ## - Редно поле
Редна дума Haggard, Henry Rider
Авторски знак Hag - H 15
245 10 - Сведения за заглавието
Заглавие She
Редно поле (дума) Henry Rider Haggard.
257 ## - Страна на издаване
Страна на създаване/издаване Великобритания
260 ## - Област на издателските данни
-- London
Име на издателя, разпространителя и проч. Penguin Books
Година на издаване 1994
300 ## - Физическа характеристика
Страници 302 c.
Размери/Мащаб 18 cm
380 ## - Жанр
Жанр Худож. лит.
490 1# - СЕРИИ (Колекции)
Име на серия Penguin Popular Classics
852 ## - Местоположение
Форматна сигнатура Цб І 28233
856 4# - Електронен адрес и достъп
Електронен формат pdf - файл
Път до файла /url/
856 4# - Електронен адрес и достъп
Електронен формат pdf - файл
Път до файла /url/
942 ## - АРТИКУЛИ
Вид на библиотечния материал Книги
Скрит в OPAC Не
944 ## - СЪЗДАВАНЕ И РЕДАКЦИЯ на ЗАПИСА
Създаване/Редакция Създаване
Дата на регистрацията/редакция 21.07.2014
Служител, извършил регистрацията/редакцията Пенка_Димитрова
944 ## - СЪЗДАВАНЕ И РЕДАКЦИЯ на ЗАПИСА
Създаване/Редакция Редакция
Дата на регистрацията/редакция 04.09.2014
Служител, извършил регистрацията/редакцията
999 ## - СИСТЕМНИ КОНТРОЛНИ НОМЕРА
Koha biblionumber 156561
Koha biblioitemnumber 156561
Наличности
Код за отписване Код за изгубен артикул Код за повреда Коз за рестрикции Код за отдаване Артикулен № Име на библиотеката - собственик Име на библиотеката, в която се намира в момента Статус (Текущо местоположение) Дата на вписване в системата Местоположение - отдел Цена в лева Инвентарен номер Систематично азбучна сигнатура Баркод Номер на екземпляра Цена в евро Служебна бележка Служебен тип на артикула
  Не е изгубен Не е повреден без рестрикции заемане за дома 262342 Регионална библиотека "Любен Каравелов" Русе Регионална библиотека "Любен Каравелов" Русе ЧЧЗО - англ. ез. - Британски съвет 2014-09-08 ЧЧЗО - англ. ез. - Британски съвет 16.00 120000780420 Цб І 28233 120000780420 1 8.18 Дост: DA Вид: А N: 17 Дата: 08.09.2014 Дата инв: 12.03.2015 Бележки инв: Ч32015 Книги
Vip Innovations Ltd, Rousse, Bulgaria 2025